Κατάλογος Βιβλιοθηκών Mediterranean College

Θεωρίες Προσωπικότητας / Έρευνα και Εφαρμογές (Record no. 144)

MARC details
000 -LEADER
fixed length control field 02223cam a22002174a 4500
005 - ΗΜΕΡΟΜΗΝΙΑ ΚΑΙ ΩΡΑ ΤΕΛΕΥΤΑΙΑΣ ΕΝΗΜΕΡΩΣΗΣ
Πεδίο ελέγχου 20250605163925.0
008 - FIXED-LENGTH DATA ELEMENTS--GENERAL INFORMATION
Πεδίο ελέγχου σταθερού μήκους 250528s ||||||||||||||||||||||||d
035 ## - SYSTEM CONTROL NUMBER
System control number 14515
020 ## - ISBN
ISBN 9608041201
040 ## - ΠΗΓΗ ΚΑΤΑΛΟΓΟΓΡΑΦΗΣΗΣ
Φορέας πρωτότυπης καταλογογράφησης MC Athens Campus Library
Γλώσσα καταλογογράφησης Ελληνικά, Μοντέρνα (1453-)
Modifying agency MC Athens Campus Library
Κανόνες περιγραφικής καταλογογράφησης AACR2
245 1# - ΤΙΤΛΟΣ ΚΑΙ ΔΗΛΩΣΗ ΥΠΕΥΘΥΝΟΤΗΤΑΣ
Τίτλος Θεωρίες Προσωπικότητας / Έρευνα και Εφαρμογές
250 ## - EDITION STATEMENT
Edition statement
260 ## - PUBLICATION, DISTRIBUTION, ETC.
Name of publisher, distributor, etc. Τυπωθήτω,
Date of publication, distribution, etc. 1999
300 ## - PHYSICAL DESCRIPTION
Extent 740
520 ## - SUMMARY, ETC.
Summary, etc. Πρόλογος, Θεωρία της Προσωπικότητας: Από την Καθημερινή Παρατήρηση στις Συστηματικές Θεωρίες, Η Επιστημονική Μελέτη των Ανθρώπων, Η Ψυχοδυναμική Θεωρία: Εφαρμογές και Αξιολόγηση της Θεωρίας του Freud, Μια Φαινομενολογική Θεωρία: Η Προσωποκεντρική Θεωρία του Carl Rogers για την Προσωπικότητα, Μια Φαινομενολογική Θεωρία: Εφαρμογές και Αξιολόγηση της Θεωρίας του Rogers, Θεωρία για τα Χαρακτηριστικά της Προσωπικότητας: Allport και Eyesenck και Cattell, Θεωρία γτια τα Χαρακτηριστικά: Το Μοντέλο των Πέντε Παραγόντων - Εφαρμογές και Αξιολόγηση της Θεωρίας για τα Χαρακτηριστικά, Προσέγγιση της Προσωπικότητας από τη Σκοπιά της Θεωρίας της Μάθησης, Μια Γνωστική Θεωρία της Προσωπικότητας: Η Θεωρία των Προσωπικών Νοητικών Κατασκευών του George A. Kelly, Μια Γνωστική Θεωρία για την Προσωπικότητα: Εφαρμογή και Αξιολόγηση της Θεωρίας του Kelly, Κοινωνικογνωστική Θεωρία: Bandura και Mischel, Κοινωνικογνωστική Θεωρία: Εφαρμογές και Αξιολόγηση.
700 1# - ΠΡΟΣΘΕΤΗ ΑΝΑΓΡΑΦΗ--ΦΥΣΙΚΟ ΠΡΟΣΩΠΟ
Personal name John Oliver P
9 (RLIN) 214
700 1# - ΠΡΟΣΘΕΤΗ ΑΝΑΓΡΑΦΗ--ΦΥΣΙΚΟ ΠΡΟΣΩΠΟ
Personal name Pervin Lawrence A
9 (RLIN) 215
942 ## - ADDED ENTRY ELEMENTS (KOHA)
Koha item type Books
Holdings
Τύπος τεκμηρίου Βιβλιοθήκη Τρέχουσα τοποθεσία Barcode Αριθμός εισαγωγής Ημερομηνία απόκτησης Ταξιθετικό σύμβολο Αριθμός αντιτύπου Κατάσταση απόσυρσης Κατάσταση χαμένου Κατάσταση κατεστραμμένου Μη δανεισμός Σύνολο δανεισμών Ημερομηνία τελευταίας εμφάνισης Η τιμή ισχύει από
Books MC Athens Campus Library MC Athens Campus Library 9780000001436 151 05/06/2025 155.2 PER 2           05/06/2025 05/06/2025

MC Athens Campus Library
Πατησίων 94 & Κοδριγκτώνος 13, 104 34
Πελλήνης 8 & Πατησίων 107, 112 51
Τ: +30 210 8899600

MC Thessaloniki Campus Library
Ίωνος Δραγούμη 21, 54625 | Ίωνος Δραγούμη 15, 54625
Τ: +30 2310 287779 – Τ: +30 2314 440300